International encyclopedia of education (Record no. 3492)
[ view plain ]
| 000 -LEADER | |
|---|---|
| fixed length control field | 00855nam a2200169Ia 4500 |
| 020 ## - INTERNATIONAL STANDARD BOOK NUMBER | |
| ISBN | 0-08-041046-4 |
| 082 ## - DEWEY DECIMAL CLASSIFICATION NUMBER | |
| Classification number | RR 370.3 INT- |
| 245 #0 - TITLE STATEMENT | |
| Title | International encyclopedia of education |
| 250 ## - EDITION STATEMENT | |
| Edition statement | 2nd |
| 260 ## - PUBLICATION, DISTRIBUTION, ETC. (IMPRINT) | |
| Place of publication | Oxford |
| Name of publisher | Pergamon |
| Year of publication | 1994 |
| 500 ## - GENERAL NOTE | |
| General note | Contents: Vol.1.(Abi-Bur), (xl, 1-607p.) - v.2.(Cam-Cro), (ix, 608-1220p.) - v.3.(Cub-Edu), (ix, 1221-1834p.) - v.4.(Edu-Gen), (vii, 1835-2452p.) - v.5.(Gen-Lte), (ix, 2453-3066p.) - v.6.(Jam-Mau), (ix, 3067-3690p.) - v.7.(Mau-Par), (ix, 3691-4336p.) - v.8.(Par-Rec), (ix, 4337-4964p.) - v.9.(Reg-Soc), (ix, 4965-5582p.) - v.10.(Soc-Tea), (ix, 5583-6244p.) - v.11.(Tec-Zim), (ix, 6245-6821p.) - v.12.(Indexes), (ix, 1-488p.) |
| 504 ## - BIBLIOGRAPHY, ETC. NOTE | |
| Bibliography, etc | Includes name and subject index |
| 650 ## - SUBJECT ADDED ENTRY--TOPICAL TERM | |
| Topical Term | Education - Encyclopedias |
| 700 ## - ADDED ENTRY--PERSONAL NAME | |
| Personal name | Postlethwaite,T. Neville |
| 700 ## - ADDED ENTRY--PERSONAL NAME | |
| Personal name | Husen, Torsten |
| 942 ## - ADDED ENTRY ELEMENTS (KOHA) | |
| Koha item type | Books |
| Source of classification or shelving scheme | Dewey Decimal Classification |
| Withdrawn status | Lost status | Damaged status | Not for loan | Home library | Current library | Date acquired | Serial Enumeration / chronology | Bill Date | Full call number | Accession Number | Price effective from | Koha item type |
|---|---|---|---|---|---|---|---|---|---|---|---|---|
| NASSDOC Library | NASSDOC Library | 09/09/2004 | V.1 | 2004-10-05 | RR 370.3 INT- | 39647 | 18/04/2019 | Books | ||||
| NASSDOC Library | NASSDOC Library | 09/09/2004 | V.2 | 2004-10-05 | RR 370.3 INT- | 39648 | 18/04/2019 | Books | ||||
| NASSDOC Library | NASSDOC Library | 09/09/2004 | V.3 | 2004-10-05 | RR 370.3 INT- | 39649 | 18/04/2019 | Books | ||||
| NASSDOC Library | NASSDOC Library | 09/09/2004 | V.4 | 2004-10-05 | RR 370.3 INT- | 39650 | 18/04/2019 | Books | ||||
| NASSDOC Library | NASSDOC Library | 09/09/2004 | V.5 | 2004-10-05 | RR 370.3 INT- | 39651 | 18/04/2019 | Books | ||||
| NASSDOC Library | NASSDOC Library | 09/09/2004 | V.6 | 2004-10-05 | RR 370.3 INT- | 39652 | 18/04/2019 | Books | ||||
| NASSDOC Library | NASSDOC Library | 09/09/2004 | V.7 | 2004-10-05 | RR 370.3 INT- | 39653 | 18/04/2019 | Books | ||||
| NASSDOC Library | NASSDOC Library | 09/09/2004 | V.8 | 2004-10-05 | RR 370.3 INT- | 39654 | 18/04/2019 | Books | ||||
| NASSDOC Library | NASSDOC Library | 09/09/2004 | V.9 | 2004-10-05 | RR 370.3 INT- | 39655 | 18/04/2019 | Books | ||||
| NASSDOC Library | NASSDOC Library | 09/09/2004 | V.10 | 2004-10-05 | RR 370.3 INT- | 39656 | 18/04/2019 | Books | ||||
| NASSDOC Library | NASSDOC Library | 09/09/2004 | V.11 | 2004-10-05 | RR 370.3 INT- | 39657 | 18/04/2019 | Books | ||||
| NASSDOC Library | NASSDOC Library | 09/09/2004 | V.12 | 2004-10-05 | RR 370.3 INT- | 39658 | 18/04/2019 | Books |
